Aura.

Zapisane w:
Opis bibliograficzny
1. autor: Fuentes, Carlos (texto)
Kolejni autorzy: Acosta, Alejandra (ilustraciones), Negroni, María (epílogo)
Format: Książka
Język:hiszpański
Wydane: Barcelona, España: Libros del Zorro Rojo, 2017.
Wydanie:Primera edición.
Seria:Biblioteca Era
Hasła przedmiotowe:
Etykiety: Dodaj etykietę
Nie ma etykietki, Dołącz pierwszą etykiete!

MARC

LEADER 00000cam a2200000 a 4500
001 UCE9560
003 CL-VaPUC
005 20250407202438.0
008 151029t20170000mx |||||||||||||||||spa|d
999 |c 447155  |d 447153 
020 |a 978-84-946744-9-5 
040 |c Pontificia Universidad Católica de Valparaíso 
082 0 4 |a Me863 FUE 2017  |2 21 
100 |a Fuentes, Carlos  |e texto  |9 322352 
245 1 0 |a Aura. 
250 |a Primera edición. 
260 |a Barcelona, España:  |b Libros del Zorro Rojo,  |c 2017. 
300 |a 68 páginas:  |b ilustraciones. 
490 0 |a Biblioteca Era 
500 |a c.1-2: Instituto Arcos. 08-01-2025 
583 |a last modification  |c 20151029 22:28:00  |k Yessy Sthefany Diaz Vidal 
650 0 |a Novelas mexicanas  |9 317570  |v Libros ilustrados 
650 0 |a Literatura mexicana  |9 313097  |x Misterio, suspenso, etc. 
700 |9 884456  |a Acosta, Alejandra   |e ilustraciones 
700 |9 896395  |a Negroni, María  |e epílogo 
942 |c BK  |2 ddc  |n 0 
945 |d 20151029 22:28:00  |a dcastane 
952 |0 0  |1 0  |2 ddc  |4 0  |6 ME_863_000000000000000_FUE_2017  |7 0  |8 A  |9 600726  |a BIBINC  |b BIBINC  |d 2025-03-07  |e Instituto Arcos  |i 5665481  |o Me863 FUE 2017  |p 5665481  |r 2025-03-07  |t 1  |w 2025-03-07  |y BK  |k IFP 
952 |0 0  |1 0  |2 ddc  |4 0  |6 ME_863_000000000000000_FUE_2017  |7 0  |8 A  |9 600727  |a BIBINC  |b BIBINC  |d 2025-03-07  |e Instituto Arcos  |i 5665482  |l 3  |o Me863 FUE 2017  |p 5665482  |r 2025-04-22  |s 2025-04-15  |t 2  |w 2025-03-07  |y BK  |k IFP